000 00326nam a22001457a 4500
020 _a0907135196
082 _a330WIN
100 _aWinfiel R.G.
245 _aStage one economics
260 _aEngland
_bNorthwick
_c1985
300 _avii,357pg.
_bill.:25cm.
500 _aIncludes Index
650 _aEconomics
942 _cBK
999 _c15839
_d15839